Malacca straits of enchantment

Bibliographic Details
Format: Book
Published: Kuala Lumpur : Olympia Land Berhad , 1997
Subjects:

MARC

LEADER 00000cam a2200000 7i4500
001 0000082637
005 20040929.0
020 |a 9839369008 
090 0 0 |a 959.5118   |b MAL 
245 0 0 |a Malacca straits of enchantment 
260 |a Kuala Lumpur :   |b Olympia Land Berhad ,   |c 1997 
300 |a 107p. ;   |c 29cm. 
650 0 0 |a Historic buildings   |x Pictorial works   |z Melaka 
650 0 0 |a Historic sites   |x Pictorial works   |z Melaka 
651 0 |a Melaka   |x History 
999 |a 00178633   |b BUKU   |c MALAYSIANA   |e PERPUSTAKAAN KOMUNITI PETALING JAYA